00456nam a2200121Ia 45000010005000000080041000050820026000461000103000722450093001752600024002689010027002929990015003192904241024s9999 xx 000 0 und d aRD/923.27293/R426p/06 aRepública Dominicana. Ministerio de Educación. Dirección Regional de Educación 06, La Vega 0aPrograma de los Actos Conmemorativos del Bicentenario del Natalicio de Juan Pablo Duarte bSanto Domingoc2013 a13/6/2013 3:02:02 p.m. c7644d7644